| 000 | 01459cam a2200277 i 4500 | ||
|---|---|---|---|
| 999 |
_c58062 _d58062 |
||
| 001 | 19970937 | ||
| 005 | 20221107165323.0 | ||
| 008 | 170829s2019 caua b 001 0 eng | ||
| 020 | _a9781944883430 X | ||
| 041 | _aeng | ||
| 080 | _a616.89-008.434 L-52 | ||
| 100 | 1 |
_aLevey, Sandra _eauthor. _911954 |
|
| 245 | 1 | 0 |
_aIntroduction to language development / _cSandra Levey. |
| 250 | _aSecond edition. | ||
| 264 | 1 |
_aSan Diego, CA : _bPlural Publishing, Inc., _c2019. |
|
| 300 |
_a288 pages : _billustrations ; _c26 cm. |
||
| 653 | _aВведение в языковое развитие | ||
| 653 | _aენის განვითარების შესავალი | ||
| 653 | _aჩვილებისა და ახალშობილების ენის განვითარება | ||
| 653 | _aენის განვითარება შუა და გვიან ბავშვობაში და მოზარდობაში | ||
| 653 | _aორენოვანი ბავშვთა ენის განვითარება | ||
| 653 | _aРазвитие речи у младенцев и малышей | ||
| 653 | _aРазвитие речи в среднем и позднем детстве и подростковом возрасте | ||
| 653 | _aРазвитие речи у двуязычных детей: оценка и вмешательство | ||
| 942 |
_2udc _cBK |
||